<?xml version="1.0" encoding="UTF-8"?><?xml-stylesheet type="text/xsl" href="static/style.xsl"?><OAI-PMH xmlns="http://www.openarchives.org/OAI/2.0/" xmlns:xsi="http://www.w3.org/2001/XMLSchema-instance" xsi:schemaLocation="http://www.openarchives.org/OAI/2.0/ http://www.openarchives.org/OAI/2.0/OAI-PMH.xsd"><responseDate>2026-06-03T02:10:57Z</responseDate><request verb="GetRecord" identifier="oai:riuma.uma.es:10630/31538" metadataPrefix="marc">https://riuma.uma.es/rest/oai/request</request><GetRecord><record><header><identifier>oai:riuma.uma.es:10630/31538</identifier><datestamp>2026-02-03T10:27:04Z</datestamp><setSpec>com_10630_1685</setSpec><setSpec>col_10630_38056</setSpec></header><metadata><record xmlns="http://www.loc.gov/MARC21/slim" xmlns:dcterms="http://purl.org/dc/terms/" xmlns:doc="http://www.lyncode.com/xoai" xmlns:xsi="http://www.w3.org/2001/XMLSchema-instance" xsi:schemaLocation="http://www.loc.gov/MARC21/slim http://www.loc.gov/standards/marcxml/schema/MARC21slim.xsd">
   <leader>00925njm 22002777a 4500</leader>
   <datafield ind2=" " ind1=" " tag="042">
      <subfield code="a">dc</subfield>
   </datafield>
   <datafield ind2=" " ind1=" " tag="720">
      <subfield code="a">Huelin Parras, Fernando</subfield>
      <subfield code="e">author</subfield>
   </datafield>
   <datafield ind2=" " ind1=" " tag="260">
      <subfield code="c">2023</subfield>
   </datafield>
   <datafield ind2=" " ind1=" " tag="520">
      <subfield code="a">Actualmente, la inteligencia artificial está transformando la manera en que se abordan nuevos desafíos, y es que, el estudio y desarrollo de este campo, pone en evidencia las ventajas que trae consigo. &#xd;
Hace tiempo que se utilizan técnicas basadas en inteligencia artificial para realizar ciertas tareas, sin embargo, ha sido recientemente con el desarrollo de inteligencias artificiales generativas, cuando se comienza a entender el potencial presente en este campo aún en desarrollo. &#xd;
Además, entre sus principales técnicas, existe una de utilidad especial conocida como visión artificial, que consiste en darle a un ordenador la capacidad de analizar imágenes y mostrar lo que ocurre en ellas. Esto resulta de interés ya que hay imágenes que presentan características imperceptibles al ojo humano, pero que una máquina puede procesar. En este caso se tiene como ejemplo las imágenes médicas, que en muchos casos presentan patrones que al ser identificados, pueden servir para conocer en mejor profundidad qué le ocurre al paciente. Esta habilidad de analizar imágenes junto con la ventaja de tratarse de una máquina, hacen de la inteligencia artificial una solución eficiente para muchos problemas eliminando el error derivado del factor humano. Por otro lado, aporta a la comunidad científica otro punto de vista cuando se trata de nuevos retos e investigaciones. &#xd;
Por tanto, el principal objetivo del presente Trabajo Fin de Máster es el desarrollo y evaluación de una red neuronal artificial especializada en el análisis de imágenes médicas para determinar el estado de una proteína específica, el PD- L1.</subfield>
   </datafield>
   <datafield ind1="8" ind2=" " tag="024">
      <subfield code="a">https://hdl.handle.net/10630/31538</subfield>
   </datafield>
   <datafield tag="653" ind2=" " ind1=" ">
      <subfield code="a">Inteligencia artificial - Trabajos fin de máster</subfield>
   </datafield>
   <datafield tag="653" ind2=" " ind1=" ">
      <subfield code="a">Biomedicina - Trabajos fin de máster</subfield>
   </datafield>
   <datafield tag="653" ind2=" " ind1=" ">
      <subfield code="a">Inmunoterapia - Trabajos fin de máster</subfield>
   </datafield>
   <datafield tag="653" ind2=" " ind1=" ">
      <subfield code="a">Aprendizaje automático (Inteligencia artificial) - Trabajos fin de máster</subfield>
   </datafield>
   <datafield tag="653" ind2=" " ind1=" ">
      <subfield code="a">Visión artificial (Robótica) - Trabajos fin de máster</subfield>
   </datafield>
   <datafield ind2="0" ind1="0" tag="245">
      <subfield code="a">Aplicación de técnicas de  Inteligencia artificial para la  determinación de marcadores  relevantes en inmunoterapia  antitumoral.</subfield>
   </datafield>
</record>
</metadata></record></GetRecord></OAI-PMH>